Empirické metódy investičného rozhodovania sa na finančných trhoch diplomová práca

Na minha lista:
Detalhes bibliográficos
Autor principal: Šmelková, Ivana
Autor Corporativo: Podnikovohospodárska fakulta EU so sídlom v Košiciach. Katedra hospodárskej informatiky a matematiky
Outros Autores: Lyócsa, Štefan, 1982-
Formato: Livro
Idioma:eslovaco
Publicado em: Košice 2009
Tags: Adicionar Tag
Sem tags, seja o primeiro a adicionar uma tag!

MARC

LEADER 00000nam$a2200000$$$4500
001 0098833
005 20240318132931.4
041 0 |a slo 
044 |a SK 
245 1 0 |a Empirické metódy investičného rozhodovania sa na finančných trhoch  |b diplomová práca  |c Ivana Šmelková ; škol. Štefan Lyócsa 
264 1 |a Košice  |c 2009 
300 |a 89 s. 
100 1 |a Šmelková, Ivana 
700 1 |a Lyócsa, Štefan, 1982- 
710 2 |a Podnikovohospodárska fakulta EU so sídlom v Košiciach. Katedra hospodárskej informatiky a matematiky